Pop Musicians by Picture - Statistics

General Stats
  • This quiz has been taken 4,158 times
    3,284 since last reset
  • The average score is 37 of 50
Answer Stats
Picture Answer % Correct
Adele
97%
Justin Bieber
97%
Michael Jackson
96%
Ariana Grande
95%
Ed Sheeran
95%
Taylor Swift
95%
Rihanna
94%
Bruno Mars
93%
Billie Eilish
92%
Harry Styles
91%
Lady Gaga
91%
Katy Perry
90%
Miley Cyrus
89%
Selena Gomez
89%
Beyonce
87%
Pink
87%
Mariah Carey
86%
ABBA
85%
Britney Spears
85%
Shakira
84%
Dua Lipa
83%
Elton John
82%
Sam Smith
81%
Justin Timberlake
80%
Spice Girls
78%
The Jonas Brothers
78%
Whitney Houston
78%
Jennifer Lopez
77%
Cher
76%
Maroon 5
75%
Prince
75%
Celine Dion
74%
George Michael
71%
Demi Lovato
69%
Madonna
69%
Kelly Clarkson
65%
Backstreet Boys
64%
The Beach Boys
59%
The Black Eyed Peas
56%
N Sync
55%
Bee Gees
50%
Tina Turner
47%
Christina Aguilera
46%
Cyndi Lauper
43%
Robbie Williams
43%
The Pussycat Dolls
42%
Village People
42%
Ricky Martin
38%
Boy George
36%
Barbra Streisand
34%
No matching quizzes found
Score Distribution
Percent of People with Each Score
Percentile by Number Answered
Your Score History
You have not taken this quiz since the last reset